MARC

Tag First Indicator Second Indicator Subfields
LEADER 00000cam a2200000 i 4500
001 in00004572921
006 m o d f
007 cr |||||||||||
008 211123s2021 dcuab o f000 0 eng c
005 20220513172353.3
035 |a (OCoLC)on1286081118 
040 |a GPO  |b eng  |e rda  |e pn  |c GPO  |d GPO  |d MvI 
042 |a pcc 
043 |a n-us--- 
049 |a WWW 
074 |a 0431-Z-06 (online) 
086 0 |a EP 12.15:21-P-0094 
110 1 |a United States.  |b Environmental Protection Agency.  |b Office of the Inspector General,  |e author. 
245 1 0 |a EPA improperly awarded and managed information technology contracts /  |c U.S. Environmental Protection Agency, Office of Inspector General. 
246 3 |a Environmental Protection Agency improperly awarded and managed information technology contracts 
246 1 |i At head of title:  |a Hotline report: operating efficiently and effectively 
264 1 |a Washington, D.C. :  |b U.S. Environmental Protection Agency, Office of Inspector General,  |c 2021. 
300 |a 1 online resource (28 pages) :  |b color illustrations, one color map. 
336 |a text  |b txt  |2 rdacontent 
337 |a computer  |b c  |2 rdamedia 
338 |a online resource  |b cr  |2 rdacarrier 
490 1 |a Report ;  |v no. 21-P-0094 
500 |a "March 10, 2021." 
500 |a Accompanied by summary report with title: At a glance. 
500 |a GPO Cataloging Record Distribution Program (CRDP). 
588 |a Description based on online resource; title from PDF cover (EPA, viewed November 22, 2021). 
610 1 0 |a United States.  |b Environmental Protection Agency  |x Appropriations and expenditures  |x Auditing. 
610 1 0 |a United States.  |b Federal Acquisition Service  |x Appropriations and expenditures  |x Auditing. 
650 0 |a Public contracts  |z United States. 
830 0 |a Report (United States. Environmental Protection Agency. Office of Inspector General) ;  |v no. 21-P-0094. 
856 4 0 |u https://purl.fdlp.gov/GPO/gpo172084  |t 0 
999 f f |s 2d381624-a60d-49e5-904c-b130e1adc6fb  |i 29aaa127-ecbd-4b41-aeaa-00317420fe9d  |t 0 
952 f f |a Texas A&M University  |b College Station  |c Electronic Resources  |d Available Online  |t 0  |e EP 12.15:21-P-0094  |h Superintendent of Documents classification 
998 f f |a EP 12.15:21-P-0094  |t 0  |l Available Online